Dharmanomics

Guardat en:
Dades bibliogràfiques
Autor principal: Sriram Balasubramanian
Format: Llibre
Publicat: Bloomsbury
Matèries:
Etiquetes: Afegir etiqueta
Sense etiquetes, Sigues el primer a etiquetar aquest registre!

MARC

LEADER 00000nam a2200000Ia 4500
005 20260427112659.0
526 |b Economics 
100 |a Sriram Balasubramanian 
020 |a 9789356409699 
650 |a Indian Economic Thought 
526 |a Bachelors 
942 |c BK 
245 |a Dharmanomics 
260 |b Bloomsbury 
999 |c 53  |d 53 
952 |0 0  |1 0  |4 0  |7 0  |8 1  |a BRISTOL  |b BRISTOL  |d 2026-04-22  |l 0  |p 000015  |r 2026-04-27 11:26:59  |w 2026-04-27  |y BK